000 02684cam a2200361 4500500
005 20260201070046.0
041 _afre
042 _adc
100 1 0 _aGavet, Morgane
_eauthor
700 1 0 _aDebuigne, Morgane
_eauthor
700 1 0 _aJunot, Stéphane
_eauthor
245 0 0 _aAnesthésie locorégionale de l’œil du cheval
260 _c2026.
500 _a54
520 _aL’anesthésie locorégionale est essentielle pour examiner et opérer l’œil du cheval en toute sécurité, notamment lors de procédures debout. Elle diminue la douleur, les réflexes palpébraux et le recours à l’anesthésie générale. Cet article présente les principales techniques : anesthésie topique pour l’analgésie de la cornée, bloc auriculopalpébral pour l’akinésie des paupières, blocs sensitifs des quatre branches du nerf trijumeau pour l’analgésie palpébrale, bloc rétrobulbaire pour l’anesthésie et l’akinésie du globe et la réduction du risque de réflexe oculocardiaque, ainsi que les infiltrations locales pour une couverture plus large. Pour chaque technique, les indications, doses, précautions et risques sont décrits, avec des repères pratiques pour une utilisation sécurisée.
520 _aRegional anaesthesia is a key tool for safely examining and operating on the equine eye, particularly during standing procedures. It helps to minimise pain, suppress palpebral reflexes, and reduce the need for general anaesthesia. This article reviews the main techniques : topical anaesthesia for corneal analgesia; the auriculopalpebral block for eyelid akinesia; sensory nerve blocks of the four branches of the trigeminal nerve for eyelid analgesia; the retrobulbar block for both anaesthesia and akinesia of the globe as well as reduction of the risk of occurrence of the oculocardiac reflex; and local tissue infiltrations for broader coverage. Indications, dosages, technical precautions, and associated risks are detailed for each technique, with practical guidance to ensure their safe and effective use.
690 _aanalgésie
690 _aanesthésie locorégionale
690 _abloc rétrobulbaire
690 _acheval
690 _aénucléation
690 _aœil
690 _apaupières
690 _aanalgesia
690 _aenucleation
690 _aeye
690 _aeyelids
690 _ahorse
690 _alocoregional anaesthesia
690 _aretrobulbar block
786 0 _nLe Nouveau Praticien Vétérinaire - Équine | 19 | 3 | 2026-01-06 | p. 44-50 | 1767-5081
856 4 1 _uhttps://stm.cairn.info/revue-le-nouveau-praticien-veterinaire-equine-2025-3-page-44?lang=fr&redirect-ssocas=7080
999 _c1639798
_d1639798